Sports Quiz

Random Sports or Soccer Quiz

Anyone but Mehmet Scholl Quiz Stats

 Plays Quiz not verified by Sporcle

Score 0/70 Timer 15:00
0 Plays Today
Question Player % Correct
Players with the most Bundesliga Titles (01/19)Oliver Kahn
100%
Played more than 400 games for Bayern München? Scholl has played 469. (15.05.2019)Oliver Kahn
100%
Bayern XI to win the Champions League Final in 2001?Oliver Kahn
100%
Bayern XI to win the Champions League Final in 2001?Giovanni Elber
96.4%
Played more than 400 games for Bayern München? Scholl has played 469. (15.05.2019)Philipp Lahm
94.6%
Players with the most Bundesliga Titles (01/19)Philipp Lahm
94.6%
Played in Scholl's last game for Bayern München on 19.05.2007 against Mainz 05?Philipp Lahm
94.6%
Bayern XI to win the Champions League Final in 2001?Bixente Lizarazu
94.6%
Bayern XI to win the Champions League Final in 2001?Willy Sagnol
94.6%
Bayern XI to win the Champions League Final in 2001?Owen Hargreaves
92.9%
Played more than 400 games for Bayern München? Scholl has played 469. (15.05.2019)Bastian Schweinsteiger
91.1%
Players with the most Bundesliga Titles (01/19)Bastian Schweinsteiger
91.1%
Played in Scholl's last game for Bayern München on 19.05.2007 against Mainz 05?Hasan Salihamidzic
91.1%
Bayern XI to win the Champions League Final in 2001?Patrik Andersson
91.1%
Bayern XI to win the Champions League Final in 2001?Hassan Salihamidzic
91.1%
Played in Scholl's last game for Bayern München on 19.05.2007 against Mainz 05?Claudio Pizarro
91.1%
Played in Scholl's last game for Bayern München on 19.05.2007 against Mainz 05?Martin Demichelis
89.3%
Bayern XI to win the Champions League Final in 2001?Samuel Kuffour
89.3%
Bayern XI to win the Champions League Final in 2001?Carsten Jancker
85.7%
Played in Scholl's last game for Bayern München on 19.05.2007 against Mainz 05?Roy Makaay
85.7%
Players with the most Bundesliga Titles (01/19)Frank Ribery
83.9%
Bayern XI to win the Champions League Final in 2001?Stefan Effenberg
83.9%
Played in Scholl's last game for Bayern München on 19.05.2007 against Mainz 05?Roque Santa Cruz
83.9%
Played more than 400 games for Bayern München? Scholl has played 469. (15.05.2019)Franck Ribery
83.9%
Played more than 400 games for Bayern München? Scholl has played 469. (15.05.2019)Franz Beckenbauer
82.1%
Bayern XI to win the Champions League Final in 2001?Thomas Linke
80.4%
Played in Scholl's debut for the National Team on 26.04.1995 against Wales?Jürgen Klinsmann
80.4%
Played more than 400 games for Bayern München? Scholl has played 469. (15.05.2019)Sepp Maier
75%
Played in Scholl's last game for Bayern München on 19.05.2007 against Mainz 05?Mark van Bommel
75%
Bayern XI to win the Champions League Final in 2001?Paulo Sergio
60.7%
Played in Scholl's debut for the National Team on 26.04.1995 against Wales?Markus Babbel
60.7%
Bayern XI to win the Champions League Final in 2001?Alexander Zickler
58.9%
Played in Scholl's debut for the National Team on 26.04.1995 against Wales?Christian Ziege
58.9%
Played more than 400 games for Bayern München? Scholl has played 469. (15.05.2019)Karl-Heinz Rummenigge
58.9%
German players with at least 30 Caps but never played in a FIFA World Cup?Kevin Kuranyi
55.4%
Question Player % Correct
Played in Scholl's last game for Bayern München on 19.05.2007 against Mainz 05?Christian Lell
51.8%
Played in Scholl's debut for the National Team on 26.04.1995 against Wales?Mario Basler
50%
Played in Scholl's last game for Bayern München on 19.05.2007 against Mainz 05?Ali Karimi
48.2%
Played in Scholl's last game for Bayern München on 19.05.2007 against Mainz 05?Andreas Ottl
46.4%
German players with at least 30 Caps but never played in a FIFA World Cup?Sebastian Deisler
42.9%
Played more than 400 games for Bayern München? Scholl has played 469. (15.05.2019)Klaus Augenthaler
39.3%
Played in Scholl's debut for the National Team on 26.04.1995 against Wales?Stefan Reuter
39.3%
Starting XI in Scholl's debut for Bayern München on 15.08.1992 against Uedringen?Thomas Helmer
39.3%
Starting XI in Scholl's debut for Bayern München on 15.08.1992 against Uedringen?Olaf Thon
37.5%
Played in Scholl's debut for the National Team on 26.04.1995 against Wales?Stefan Kuntz
37.5%
Played in Scholl's last game for Bayern München on 19.05.2007 against Mainz 05?Mats Hummels
35.7%
Starting XI in Scholl's debut for Bayern München on 15.08.1992 against Uedringen?Jorginho
35.7%
Played more than 400 games for Bayern München? Scholl has played 469. (15.05.2019)Thomas Müller
30.4%
Played more than 400 games for Bayern München? Scholl has played 469. (15.05.2019)Georg Schwarzenbeck
30.4%
Played more than 400 games for Bayern München? Scholl has played 469. (15.05.2019)Gerd Müller
30.4%
Starting XI in Scholl's debut for Bayern München on 15.08.1992 against Uedringen?Raimond Aumann
30.4%
German players with at least 30 Caps but never played in a FIFA World Cup?Fredi Bobic
30.4%
Played in Scholl's last game for Bayern München on 19.05.2007 against Mainz 05?Bernd Dreher
26.8%
German players with at least 30 Caps but never played in a FIFA World Cup?Dieter Eilts
26.8%
Played in Scholl's debut for the National Team on 26.04.1995 against Wales?Dieter Eilts
26.8%
Starting XI in Scholl's debut for Bayern München on 15.08.1992 against Uedringen?Bruno Labbadia
21.4%
Starting XI in Scholl's debut for Bayern München on 15.08.1992 against Uedringen?Jan Wouters
19.6%
Starting XI in Scholl's debut for Bayern München on 15.08.1992 against Uedringen?Roland Wohlfarth
19.6%
Played in Scholl's debut for the National Team on 26.04.1995 against Wales?Andreas Köpke
17.9%
Played in Scholl's debut for the National Team on 26.04.1995 against Wales?Steffen Freund
17.9%
Played more than 400 games for Bayern München? Scholl has played 469. (15.05.2019)Lothar Matthäus
17.9%
Played more than 400 games for Bayern München? Scholl has played 469. (15.05.2019)Franz Roth
16.1%
Starting XI in Scholl's debut for Bayern München on 15.08.1992 against Uedringen?Oliver Kreuzer
12.5%
Played in Scholl's debut for the National Team on 26.04.1995 against Wales?Heiko Herrlich
12.5%
Played in Scholl's debut for the National Team on 26.04.1995 against Wales?Thomas Häßler
10.7%
Starting XI in Scholl's debut for Bayern München on 15.08.1992 against Uedringen?Markus Schupp
8.9%
Played more than 400 games for Bayern München? Scholl has played 469. (15.05.2019)Bernd Dürnberger
5.4%
Played in Scholl's last game for Bayern München on 19.05.2007 against Mainz 05?Andreas Görlitz
5.4%
Played in Scholl's debut for the National Team on 26.04.1995 against Wales?Ralf Weber
3.6%
Starting XI in Scholl's debut for Bayern München on 15.08.1992 against Uedringen?Markus Münch
1.8%

You're not logged in!

Compare scores with friends on all Sporcle quizzes.
OR
Log In

Show Comments

Extras

Top Quizzes Today


Score Distribution

Your Account Isn't Verified!

In order to create a playlist on Sporcle, you need to verify the email address you used during registration. Go to your Sporcle Settings to finish the process.

Report this User

Report this user for behavior that violates our Community Guidelines.

Details: